00956cam a22002174a 45000010009000000050017000090080041000260100017000670200028000840400018001120420008001300500022001380820018001601000027001782450124002052600135003293000021004645050191004856500020006767000042006961241707320221206132224.0010522s1999 cau 000 0 eng  a 2001003028 a1577311957 (alk. paper) aDLCcDLCdDLC apcc00aBL624b.T645 199900a204.4,TOL2211 aTolle, Eckhart,d1948-10aPracticing the power of now :bessential teachings, meditations, and exercises from The power of now / cEckhart Tolle. aNovato, Calif. :bNew World Library ;a[Berkly, CA] :bDistributed to the trade by Publishers Group West,cc1999g(2001 printing). a142 p. ;c19 cm.0 aIntroduction by Eckhart Toll (Page-1), Part One: Accessing the power of now (Page-7), Part II: Relationship as Spritual Practice (Page-65), Part III: Acceptance and Surrender (Page-95),  0aSpiritual life.1 aTolle, Eckhart,d1948-tPower of now.